Guide to pests and diseases

Bibliographic Details
Main Author: Mason, John
Format: Book
Published: London : Harper Collins Publishers , 1995
Subjects:

MARC

LEADER 00000cam a2200000 7i4500
001 0000009501
002 000010353
005 20000330.0
020 |a 0207179948 
090 0 0 |a 635.0490994   |b MAS 
100 1 |a Mason, John 
245 1 0 |a Guide to pests and diseases   |c John Mason 
260 |a London :   |b Harper Collins Publishers ,   |c 1995 
300 |a 134p. ;   |c 17cm. 
650 0 0 |a Garden pests   |z Australia 
999 |a 00180355   |b BUKU   |c PINJAMAN   |e PERPUSTAKAAN KOMUNITI PETALING JAYA 
999 |a 049169   |b BUKU   |c PINJAMAN   |e PERPUSTAKAAN KOMUNITI PETALING JAYA